El viaje sedentario /

Guardado en:
Detalles Bibliográficos
Autor principal: Celorio, Gonzalo (autor)
Formato: Libro
Idioma:Español
Publicado: México : Tusquets, 1994, c1994
Colección:(Andanzas México)
Temas:
Etiquetas: Agrega una etiqueta
Sin etiquetas, Sé el primero en etiquetar este registro!

MARC

LEADER 00000nam^a2200000^a^4500
001 000042553
005 20250521000000.0
009 20260310085739.206
020 |a 968-39-1222-2 
025 |a Donación Lourdes Sierra, 1 ejemplar 
037 |a Acervo ITESO - Biblioteca 
041 |a ESP 
082 |a 863.  |b CEL 
100 |a Celorio, Gonzalo  |e (autor) 
240 1 4 |a [El viaje sedentario] 
245 1 3 |a El viaje sedentario /  |c G. Celorio. 
264 4 |a México :  |b Tusquets,  |c 1994, c1994 
300 |a 185 p. 
336 |a texto  |b txt  |2 rdacontenido 
337 |a sin mediación  |b n  |2 rdamedio 
338 |a volumen  |b nc  |2 rdasoporte 
440 1 |a (Andanzas México) 
649 |a XX 
650 |a Escritores Mexicanos -  |x Memorias 
650 |a Memorias Mexicanas 
650 |a Crónicas Mexicanas 
650 |a Ensayos Mexicanos 
650 |a Literatura Mexicana -  |y Siglo XX 
650 |a Celorio, Gonzalo 
910 |a Fondo General 
920 |a Impresos - Libros 
930 |a Colección General 
940 |a Literatura 
905 |a 101 
901 |a 0425530100  |b IT1  |c LIT  |i 042553  |u 20250521 
901 |a 0500133405  |b IT1  |c LIT  |i D  |u 20250521 
902 |a https://opac.biblio.iteso.mx/vufind/Record/000042553